Matemática al día 7º

Αποθηκεύτηκε σε:
Λεπτομέρειες βιβλιογραφικής εγγραφής
Κύριοι συγγραφείς: Cárdenas Calderón, Leonardo (Συγγραφέας), Ripamonti Zañartu, Constanza (Συγγραφέας)
Μορφή: Βιβλίο
Γλώσσα:Ισπανικά
Έκδοση: Santiago Cal y Canto 2004
Θέματα:
Ετικέτες: Προσθήκη ετικέτας
Δεν υπάρχουν, Καταχωρήστε ετικέτα πρώτοι!

MARC

LEADER 00000nam a2200000 a 4500
001 UCK5187
003 CL-VaPUC
008 050715e20040000CL |||||||||||||||||spa|d
020 |a 9567602575 
082 0 4 |a 372.7  |b CAR  |2 21 
100 0 |a Cárdenas Calderón, Leonardo  |e author  |9 493883 
700 0 |a Ripamonti Zañartu, Constanza  |e author  |9 493884 
245 1 0 |a Matemática al día 7º 
246 1 0 |a Educación matemática: texto para el estudiante Séptimo Básico 
300 |a 191 p 
942 |c BK 
945 |d 20050715 00:00:00  |a cmena 
260 |a Santiago  |b Cal y Canto  |c 2004 
650 0 |a Educación básica   |9 224933 
650 0 |a Matemáticas  |x Enseñanza  |9 875527 
650 0 |a Libros de texto  |9 270019 
650 0 |a Métodos de enseñanza  |9 270413 
583 |a last modification  |c 20170821 03:41:45  |k Rodrigo Vera 
999 |c 313821  |d 313819 
952 |0 0  |1 0  |4 0  |6 372_700000000000000_CAR_2004  |7 0  |8 A  |9 385448  |a BIBMAT  |b BIBMAT  |c E_DIDACT  |d 2019-11-22  |i 4145704  |o 372.7 CAR 2004  |p 4145704  |r 2025-01-07  |w 2019-11-22  |y BK  |k MAT 
952 |0 0  |1 0  |4 0  |6 372_700000000000000_CAR_2004  |7 0  |8 A  |9 385449  |a BIBMAT  |b BIBMAT  |c E_DIDACT  |d 2019-11-22  |i 4231430  |o 372.7 CAR 2004  |p 4231430  |r 2025-01-07  |w 2019-11-22  |y BK  |k MAT 
952 |0 0  |1 0  |4 0  |6 372_700000000000000_CAR_2004  |7 0  |8 A  |9 385450  |a BIBMAT  |b BIBMAT  |c E_DIDACT  |d 2019-11-22  |i 4231449  |o 372.7 CAR 2004  |p 4231449  |r 2025-01-07  |w 2019-11-22  |y BK  |k MAT 
952 |0 0  |1 0  |4 0  |6 372_700000000000000_CAR_2004  |7 0  |8 A  |9 385451  |a BIBEDU  |b BIBEDU  |d 2019-11-22  |i 4251571  |o 372.7 CAR 2004  |p 4251571  |r 2019-11-22  |w 2019-11-22  |y BK  |k EBA 
952 |0 0  |1 0  |4 0  |6 372_700000000000000_CAR_2004  |7 0  |8 A  |9 385452  |a BIBEDU  |b BIBEDU  |d 2019-11-22  |i 425158K  |o 372.7 CAR 2004  |p 425158K  |r 2019-11-22  |w 2019-11-22  |y BK  |k EBA 
952 |0 0  |1 0  |4 0  |6 372_700000000000000_CAR_2004  |7 0  |8 A  |9 385453  |a BIBEDU  |b BIBEDU  |d 2019-11-22  |i 4251598  |o 372.7 CAR 2004  |p 4251598  |r 2019-11-22  |w 2019-11-22  |y BK  |k EBA 
952 |0 0  |1 0  |4 0  |6 372_700000000000000_CAR_2004  |7 0  |8 A  |9 385454  |a BIBEDU  |b BIBEDU  |d 2019-11-22  |i 425161K  |o 372.7 CAR 2004  |p 425161K  |r 2019-11-22  |w 2019-11-22  |y BK  |k EBA 
952 |0 0  |1 0  |4 0  |6 372_700000000000000_CAR_2004  |7 0  |8 A  |9 385455  |a BIBEDU  |b BIBEDU  |d 2019-11-22  |i 4251628  |o 372.7 CAR 2004  |p 4251628  |r 2019-11-22  |w 2019-11-22  |y BK  |k EBA